| 000 | 00469nam a22001817a 4500 | ||
|---|---|---|---|
| 003 | CEME | ||
| 005 | 20210628205647.0 | ||
| 008 | 210309b xxu||||| |||| 00| 0 eng d | ||
| 020 | _a0-412-99121-7 | ||
| 040 | _c. | ||
| 082 | _a658 SIL | ||
| 100 |
_aSilverman, Melvin _976492 |
||
| 245 | _aThe technical manager's handbook a survival guide | ||
| 260 |
_aLONDON _bCHAPMAN & HALL _c1996 |
||
| 300 | _a504P | ||
| 650 |
_aMANAGEMENT-HANDBOOKS _976493 |
||
| 942 |
_cBK _2ddc |
||
| 999 |
_c581883 _d581883 |
||